00556nam a22001457a 4500003000400000005001700004008004100021020001800062040002900080050002200109245018100131260005900312300000900371650003000380OSt20250805161645.0250805b |||||||| |||| 00| 0 eng d a92-2-110488-5 cChuka University Library aHC 437b.I58 1997 aProceedings of the workshop on: The promotion of research in the area of enterprise development in selected Eastern and Southern African Countries bHarare, 4-6 September, 1996 aGeneva, SwitzerlandbInternational Labour Officec1997 a67p. a1. Enterprise development